[Event "VIII Open Autunno"]
[Site "Robecchetto con Induno ITA"]
[Date "2011.11.03"]
[Round "3"]
[White "Redamante, Marzio"]
[Black "Turchi, Alessandro"]
[Result "0-1"]
[WhiteElo "1345"]
[BlackElo "1602"]
[PlyCount "78"]
[EventDate "2011.10.20"]

1. d4 Nf6 2. c4 e6 3. Nc3 Bb4 4. Bd2 O-O 5. e3 d5 6. a3 Bxc3 7. Bxc3 dxc4 8.
Bxc4 Ne4 9. Bb4 Qf6 10. Nf3 Rd8 11. Qc2 Nd6 12. Bd3 h6 13. Qxc7 Nc6 14. Bxd6
Rd7 15. Be7 Qxe7 16. Qg3 b6 17. Bb5 Bb7 18. O-O Rc8 19. Ne5 Nxe5 20. Bxd7 Nxd7
21. Rfc1 Nf6 22. Rxc8+ Bxc8 23. Qb8 Qb7 24. Qd6 Qd5 25. Qc7 Bb7 26. f3 Ng4 27.
Qb8+ Kh7 28. Qf4 Nf6 29. Rc1 Qb3 30. Qc7 Qxe3+ 31. Kh1 Qd2 32. h3 Qg5 33. Rc2
Ba6 34. Qxa7 Bd3 35. Rf2 Qc1+ 36. Kh2 Qe1 37. Kg3 Nh5+ 38. Kg4 Qxf2 39. Kxh5
Qg3 0-1

[Event "VIII Open Autunno"]
[Site "Robecchetto con Induno ITA"]
[Date "2011.11.03"]
[Round "3"]
[White "Rutigliano, Cesare"]
[Black "Saccani, Ettore"]
[Result "0-1"]
[WhiteElo "1717"]
[BlackElo "1741"]
[PlyCount "78"]
[EventDate "2011.10.20"]

1. e4 e6 2. d4 d5 3. e5 b6 4. Be3 Ba6 5. Nh3 Bxf1 6. Kxf1 h6 7. g3 Ne7 8. Kg2
Nf5 9. Rf1 Be7 10. Bc1 c5 11. c3 cxd4 12. cxd4 Nc6 13. Be3 Rc8 14. Nc3 O-O 15.
Qg4 Nb4 16. Bd2 Nc2 17. Rad1 Ncxd4 18. Nf4 Bg5 19. h4 Bxf4 20. Bxf4 Rc4 21. Rd3
Nc6 22. Re1 Nb4 23. Rf3 a6 24. b3 Nc2 25. Rd1 Nce3+ 26. Rxe3 Nxe3+ 27. fxe3
Rxc3 28. Bxh6 g6 29. h5 Kh7 30. Bg5 Qc8 31. hxg6+ fxg6 32. Qh4+ Kg8 33. Rh1
Rc2+ 34. Kh3 Rc1 35. Kg4 Rxh1 36. Qxh1 Qc2 37. Bf4 Qe2+ 38. Qf3 Qxf3+ 39. Kxf3
g5 0-1

[Event "VIII Open Autunno"]
[Site "Robecchetto con Induno ITA"]
[Date "2011.11.03"]
[Round "3"]
[White "Trenti, Alessandro"]
[Black "Di Grazia, Stefano"]
[Result "0-1"]
[WhiteElo "1641"]
[BlackElo "1500"]
[PlyCount "106"]
[EventDate "2011.10.20"]

1. e4 c5 2. Nf3 d6 3. d4 cxd4 4. Nxd4 a6 5. Nc3 g6 6. Be3 Bg7 7. Be2 e6 8. Qd2
Ne7 9. O-O O-O 10. Rad1 b5 11. a3 Bb7 12. Bh6 d5 13. Bxg7 Kxg7 14. f3 Nd7 15.
Nb3 Qb6+ 16. Qd4+ Qxd4+ 17. Nxd4 e5 18. Nb3 d4 19. Na2 Rfd8 20. c3 dxc3 21.
Nxc3 Nc6 22. Rd6 Nb6 23. Rfd1 Rxd6 24. Rxd6 Rd8 25. Rxd8 Nxd8 26. Nc5 Bc8 27.
Kf2 Ne6 28. Nb3 Nf4 29. g3 Nxe2 30. Kxe2 Nc4 31. Nd1 Kf8 32. Nd2 Be6 33. Nxc4
Bxc4+ 34. Kd2 Ke7 35. Ne3 Be6 36. Kc3 Kd6 37. Kb4 f5 38. Ka5 fxe4 39. fxe4 Kc5
40. Nd1 Bc8 41. Nc3 Bb7 42. h3 Kd4 43. Kb6 Bxe4 44. Kxa6 Bd3 45. Kb6 e4 46. a4
bxa4 47. Nxa4 e3 48. Nc3 e2 49. Nxe2+ Bxe2 50. b4 Ke4 51. g4 Kf4 52. b5 Kg3 53.
Kc5 Bxb5 0-1

[Event "VIII Open Autunno"]
[Site "Robecchetto con Induno ITA"]
[Date "2011.11.03"]
[Round "3"]
[White "Turini, Gianluca"]
[Black "Testa, Loris"]
[Result "1/2-1/2"]
[WhiteElo "1837"]
[BlackElo "1845"]
[PlyCount "48"]
[EventDate "2011.10.20"]

1. d4 d5 2. c4 c6 3. Nc3 e6 4. Nf3 Nf6 5. Bg5 Be7 6. e3 O-O 7. cxd5 cxd5 8. Bd3
Nc6 9. a3 Bd7 10. O-O Rc8 11. Ne5 h6 12. Nxd7 Nxd7 13. Bxe7 Qxe7 14. Rc1 Nf6
15. Bb5 a6 16. Bxc6 Rxc6 17. Na2 Rfc8 18. Rxc6 Rxc6 19. Qd3 Qd7 20. Rc1 Qc7 21.
Rxc6 Qxc6 22. Qc3 Qxc3 23. Nxc3 b5 24. b4 Nd7 1/2-1/2

[Event "VIII Open Autunno"]
[Site "Robecchetto con Induno ITA"]
[Date "2011.11.10"]
[Round "4"]
[White "Macchiettini, Pierangelo"]
[Black "Melino, Gianluca"]
[Result "1/2-1/2"]
[WhiteElo "1756"]
[BlackElo "1742"]
[PlyCount "75"]
[EventDate "2011.10.20"]

1. d4 g6 2. c4 Bg7 3. Nc3 d6 4. e4 e5 5. d5 Ne7 6. Nf3 O-O 7. Bd3 Na6 8. a3 Nc5
9. Bc2 a5 10. Be3 b6 11. O-O Ba6 12. Nd2 f5 13. b4 axb4 14. axb4 Nd7 15. Bg5 h6
16. Bxe7 Qxe7 17. Bd3 Nf6 18. Qc2 Nh5 19. b5 Bb7 20. Rxa8 Bxa8 21. exf5 gxf5
22. Bxf5 Qf6 23. Be6+ Kh8 24. Nde4 Qe7 25. Ne2 Bb7 26. N2g3 Nf4 27. Nf5 Qd8 28.
Neg3 Nxe6 29. dxe6 Qf6 30. e7 Re8 31. Nh5 Qg6 32. Nhg3 Bf6 33. Qd2 Bg5 34. Qe2
Bxe7 35. Nxe7 Rxe7 36. f4 e4 37. Qe3 Kh7 38. f5 1/2-1/2

[Event "VIII Open Autunno"]
[Site "Robecchetto con Induno ITA"]
[Date "2011.11.10"]
[Round "4"]
[White "Novi', Giuseppe"]
[Black "Turini, Gianluca"]
[Result "0-1"]
[WhiteElo "1829"]
[BlackElo "1837"]
[PlyCount "56"]
[EventDate "2011.10.20"]

1. e4 c6 2. d4 d5 3. Nc3 dxe4 4. Nxe4 Bf5 5. Ng3 Bg6 6. Bc4 e6 7. N1e2 Bd6 8.
O-O Qc7 9. f4 Ne7 10. Bd3 f5 11. c4 b6 12. Bd2 O-O 13. Rc1 c5 14. Kh1 Nbc6 15.
dxc5 Bxc5 16. a3 Rad8 17. Bb1 Be3 18. Rc2 Qd7 19. Rf3 Bxd2 20. Nf1 Ba5 21. Qxd7
Rxd7 22. b4 Nxb4 23. axb4 Bxb4 24. h3 Rd1 25. Ba2 Bh5 26. Nc3 Bxf3 27. Nxd1
Bxd1 28. Rc1 Bh5 0-1

[Event "VIII Open Autunno"]
[Site "Robecchetto con Induno ITA"]
[Date "2011.11.10"]
[Round "4"]
[White "Puricelli, Giancarlo"]
[Black "Libutti, Michele"]
[Result "1/2-1/2"]
[WhiteElo "1586"]
[BlackElo "1751"]
[PlyCount "103"]
[EventDate "2011.10.20"]

1. d4 Nf6 2. e3 d5 3. Nf3 e6 4. Bd3 Nbd7 5. O-O Be7 6. Nbd2 O-O 7. c3 c5 8. Re1
b6 9. a3 Bb7 10. e4 dxe4 11. Nxe4 Nxe4 12. Bxe4 Bxe4 13. Rxe4 Nf6 14. Re1 cxd4
15. Nxd4 Qd5 16. Be3 Rfd8 17. Qa4 Rdc8 18. Rad1 Qc4 19. Qxc4 Rxc4 20. Nf3 Nd5
21. Bd4 b5 22. Ne5 Rc7 23. Nd3 a5 24. g3 b4 25. axb4 axb4 26. cxb4 Nxb4 27.
Nxb4 Bxb4 28. Re3 Rd7 29. Red3 Rad8 30. Kf1 e5 31. Bc3 Rxd3 32. Rxd3 Rxd3 33.
Bxb4 f5 34. Bc3 e4 35. Ke2 Kf7 36. Be5 g6 37. Bc3 Ke6 38. Bg7 Kd5 39. Bf6 Kc4
40. Be5 Kb3 41. h4 Kc2 42. Bf6 Rb3 43. Bd4 Rxb2 44. Bxb2 Kxb2 45. Ke3 Kc3 46.
g4 fxg4 47. Kxe4 h5 48. Kf4 Kd4 49. f3 gxf3 50. Kxf3 Ke5 51. Ke3 Kf5 52. Kf3
1/2-1/2

[Event "VIII Open Autunno"]
[Site "Robecchetto con Induno ITA"]
[Date "2011.11.10"]
[Round "4"]
[White "Saccani, Ettore"]
[Black "Alberio, Silvio"]
[Result "0-1"]
[WhiteElo "1741"]
[BlackElo "1763"]
[PlyCount "72"]
[EventDate "2011.10.20"]

1. e4 e6 2. d4 d5 3. e5 c5 4. c3 Nc6 5. Nf3 Qb6 6. Bd3 cxd4 7. cxd4 Nb4 8. Nc3
Nxd3+ 9. Qxd3 Bd7 10. O-O Bb4 11. Bd2 Rc8 12. Rfe1 f6 13. exf6 Nxf6 14. Ne5 O-O
15. Nxd7 Nxd7 16. Na4 Qa5 17. Nc3 Qb6 18. a3 Be7 19. Na4 Qc6 20. Nc3 Nb6 21.
Nb5 Qd7 22. Qe2 Rf6 23. Bg5 Rg6 24. Bxe7 Qxe7 25. Nc3 Qg5 26. Qf3 Rf8 27. Qg3
Qf5 28. Qe3 Nc4 29. Qe2 Qg5 30. g3 Nd2 31. Kh1 Nf3 32. Qe3 Rh6 33. Kg2 Rxh2+
34. Kf1 Rh1+ 35. Kg2 Qxe3 36. Rxe3 Rxa1 0-1

[Event "VIII Open Autunno"]
[Site "Robecchetto con Induno ITA"]
[Date "2011.11.10"]
[Round "4"]
[White "Santarelli, Sabatino"]
[Black "Di Grazia, Stefano"]
[Result "1-0"]
[WhiteElo "1616"]
[BlackElo "1500"]
[PlyCount "145"]
[EventDate "2011.10.20"]

1. e4 c5 2. Nf3 d6 3. d4 cxd4 4. Nxd4 a6 5. Be2 g6 6. Nc3 Bg7 7. O-O e6 8. Be3
Ne7 9. Qd2 O-O 10. Bh6 b5 11. Bxg7 Kxg7 12. a3 Bb7 13. Rad1 d5 14. Qf4 Nd7 15.
e5 Rc8 16. Rfe1 Qc7 17. Nf3 Nc6 18. Bf1 Nb6 19. h4 Nc4 20. Bxc4 dxc4 21. h5 Qe7
22. h6+ Kg8 23. Ne4 Rcd8 24. Nd6 f6 25. Nxb7 fxe5 26. Qe4 Qxb7 27. Rxd8 Rxd8
28. Nxe5 Rd6 29. c3 Nd8 30. Qf4 Qe7 31. Nf3 Nf7 32. Ne5 g5 33. Qh2 Qf8 34. Ng4
Rd2 35. Qh3 e5 36. Nf6+ Kh8 37. Ng4 Qd6 38. Qe3 Rd1 39. Qe2 Rxe1+ 40. Qxe1 Qe6
41. Qe4 Nxh6 42. Qxe5+ Qxe5 43. Nxe5 Kg7 44. Nc6 Nf5 45. Nb4 a5 46. Nc6 a4 47.
Nb4 Kf6 48. Kf1 Nd6 49. Ke2 Ke5 50. g3 h5 51. Nc6+ Ke4 52. f3+ Kd5 53. Nd4 g4
54. fxg4 hxg4 55. Ke3 Ke5 56. Nc6+ Kd5 57. Ne7+ Ke6 58. Nc6 Nf5+ 59. Kf4 Kf6
60. Nd4 Nxd4 61. cxd4 Ke6 62. Ke4 Kd6 63. d5 Kc5 64. Ke5 b4 65. axb4+ Kxb4 66.
d6 c3 67. bxc3+ Kxc3 68. d7 a3 69. d8=Q a2 70. Qd4+ Kb3 71. Kf4 Kc2 72. Qa1 Kb3
73. Kxg4 1-0

[Event "VIII Open Autunno"]
[Site "Robecchetto con Induno ITA"]
[Date "2011.11.10"]
[Round "4"]
[White "Sartorio, Alessandro"]
[Black "Loaldi, Davide"]
[Result "0-1"]
[WhiteElo "1275"]
[BlackElo "1603"]
[PlyCount "120"]
[EventDate "2011.10.20"]

1. d4 g6 2. f4 d6 3. Nf3 Bg7 4. e4 a6 5. c4 Nd7 6. Nc3 e6 7. Bd3 Ne7 8. O-O h6
9. Re1 O-O 10. e5 d5 11. c5 b6 12. b4 Bb7 13. Qa4 bxc5 14. bxc5 Bc6 15. Qa5 Bb7
16. Rb1 Rb8 17. Bxa6 Nc6 18. Qa4 Bxa6 19. Qxa6 Nb4 20. Qa4 Nd3 21. Rxb8 Nxb8
22. Rd1 Nxc1 23. Rxc1 c6 24. Nd2 Qh4 25. Ne2 g5 26. g3 Qg4 27. Qd1 Qf5 28. Qc2
Qg4 29. Nb3 h5 30. Rf1 Bh6 31. Kg2 h4 32. h3 Qh5 33. g4 Qg6 34. Qxg6+ fxg6 35.
fxg5 Rxf1 36. Kxf1 Bxg5 37. Nd2 Bxd2 38. a4 Na6 39. Kf2 Kf7 40. Kf3 g5 41. Ng1
Ba5 42. Ke3 Nb4 43. Nf3 Kg6 44. Nd2 Na6 45. Nb3 Bb4 46. Kd3 Kf7 47. Kc2 Ke7 48.
Kb2 Kd7 49. Ka2 Kc7 50. a5 Kb7 51. Kb2 Nc7 52. Ka2 Ka6 53. Kb2 Bxa5 54. Nxa5
Kxa5 55. Kb3 Nb5 56. Kc2 Nxd4+ 57. Kd2 Nf3+ 58. Ke3 Nxe5 59. Kd4 Nc4 60. Kd3
Kb5 0-1

[Event "VIII Open Autunno"]
[Site "Robecchetto con Induno ITA"]
[Date "2011.11.10"]
[Round "4"]
[White "Testa, Loris"]
[Black "Barrera, Pietro"]
[Result "1-0"]
[WhiteElo "1845"]
[BlackElo "1876"]
[PlyCount "23"]
[EventDate "2011.10.20"]

1. e4 g6 2. d4 Bg7 3. Be3 d6 4. Be2 Nd7 5. Nc3 a6 6. Qd2 b5 7. Bf3 Bb7 8. h4 h5
9. a3 Ngf6 10. e5 Bxf3 11. exf6 Bxg2 12. fxg7 1-0

[Event "VIII Open Autunno"]
[Site "Robecchetto con Induno ITA"]
[Date "2011.11.10"]
[Round "4"]
[White "Trenti, Alessandro"]
[Black "Koureas, Panicos"]
[Result "1-0"]
[WhiteElo "1641"]
[BlackElo "1314"]
[PlyCount "59"]
[EventDate "2011.10.20"]

1. e4 Nc6 2. d4 e5 3. d5 Nce7 4. Nf3 Ng6 5. Bd3 Bc5 6. Nc3 a6 7. O-O d6 8. h3
Nf6 9. Re1 O-O 10. Ne2 Bd7 11. Ng3 h6 12. c4 Qc8 13. Bd2 Nf4 14. Bxf4 exf4 15.
Nf5 Bxf5 16. exf5 Nh5 17. Kf1 c6 18. Nd2 Qd8 19. Qxh5 Bb4 20. Rad1 Qf6 21. a3
Bc5 22. Ne4 Qxb2 23. Nxc5 dxc5 24. d6 Rad8 25. f6 Qxf6 26. Qxc5 Rxd6 27. Bh7+
Kh8 28. Rxd6 Qc3 29. Rd3 Qf6 30. Qxf8+ 1-0

[Event "VIII Open Autunno"]
[Site "Robecchetto con Induno ITA"]
[Date "2011.11.17"]
[Round "5"]
[White "Alberio, Silvio"]
[Black "Testa, Loris"]
[Result "0-1"]
[WhiteElo "1763"]
[BlackElo "1845"]
[PlyCount "57"]
[EventDate "2011.10.20"]

1. d4 d5 2. c4 e6 3. Nc3 c5 4. cxd5 exd5 5. Nf3 Nf6 6. g3 Bg4 7. Bg2 Nc6 8. O-O
Qd7 9. Bg5 Be7 10. dxc5 O-O-O 11. Nd4 h6 12. Be3 h5 13. Nxc6 bxc6 14. Qb3 d4
15. Bf4 Qb7 16. Bxc6 Qxc6 17. Qb8+ Kd7 18. Qxa7+ Ke8 19. Rfd1 Bxc5 20. Qa4 Qxa4
21. Nxa4 Ba7 22. Rd3 Nd5 23. Bd2 Rc8 24. Re1 Rc2 25. e3 Kd7 26. exd4 Bf5 27.
Rb3 Bxd4 28. Ba5 Bxf2+ 29. Kf1 0-1

[Event "VIII Open Autunno"]
[Site "Robecchetto con Induno ITA"]
[Date "2011.11.17"]
[Round "5"]
[White "Barrera, Pietro"]
[Black "Saccani, Ettore"]
[Result "1/2-1/2"]
[WhiteElo "1876"]
[BlackElo "1741"]
[PlyCount "76"]
[EventDate "2011.10.20"]

1. d4 g6 2. Nf3 Nf6 3. Bg5 Bg7 4. e3 O-O 5. Bd3 d6 6. Nbd2 c5 7. c3 Nc6 8. O-O
a6 9. Qe2 Bd7 10. Rfe1 b5 11. Rad1 Re8 12. dxc5 dxc5 13. Bb1 h6 14. Bxf6 Bxf6
15. Ne4 c4 16. Nc5 Nb8 17. Qd2 Ra7 18. e4 Qb6 19. Nxd7 Rxd7 20. Qxh6 Rxd1 21.
Rxd1 Rd8 22. Qc1 Nc6 23. h3 Ne5 24. Nxe5 Bxe5 25. Rd5 Rxd5 26. exd5 Kg7 27. Qe1
Qd6 28. Be4 a5 29. Qe2 Qc5 30. g4 b4 31. cxb4 axb4 32. h4 c3 33. bxc3 Qxc3 34.
h5 Qc1+ 35. Kg2 gxh5 36. gxh5 Qg5+ 37. Kh3 Kh6 38. Qg4 Qxh5+ 1/2-1/2

[Event "VIII Open Autunno"]
[Site "Robecchetto con Induno ITA"]
[Date "2011.11.17"]
[Round "5"]
[White "Di Grazia, Stefano"]
[Black "Puricelli, Giancarlo"]
[Result "0-1"]
[WhiteElo "1500"]
[BlackElo "1586"]
[PlyCount "92"]
[EventDate "2011.10.20"]

1. e4 Nc6 2. d4 d6 3. Nf3 g6 4. Nc3 Bg7 5. Be3 e5 6. Bb5 Bd7 7. Bxc6 Bxc6 8. d5
Bd7 9. Qd2 Nf6 10. O-O-O Ng4 11. h4 Nxe3 12. Qxe3 h5 13. Kb1 Bg4 14. Rdg1 Bh6
15. Qd3 a6 16. Nh2 Qxh4 17. Nxg4 Qxg4 18. f3 Qd7 19. g4 hxg4 20. Rxg4 Bg7 21.
Rxh8+ Bxh8 22. Rh4 O-O-O 23. Qf1 Bf6 24. Rh7 Bg5 25. Nd1 Bf6 26. Qh1 Rf8 27.
Nf2 Qd8 28. Ng4 Bg5 29. Qh3 Kb8 30. a3 Bf4 31. Nf2 Qg5 32. Rh8 Rxh8 33. Qxh8+
Ka7 34. Ng4 Qe7 35. Qf6 Qxf6 36. Nxf6 Bg5 37. Nd7 Be7 38. c4 b6 39. b4 f6 40.
Kb2 Kb7 41. c5 bxc5 42. bxc5 dxc5 43. Nxf6 Bxf6 44. Kc3 Kb6 45. Kc4 Be7 46. a4
Bd6 0-1

[Event "VIII Open Autunno"]
[Site "Robecchetto con Induno ITA"]
[Date "2011.11.17"]
[Round "5"]
[White "Koureas, Panicos"]
[Black "Sartorio, Alessandro"]
[Result "1-0"]
[WhiteElo "1314"]
[BlackElo "1275"]
[PlyCount "107"]
[EventDate "2011.10.20"]

1. d4 Nf6 2. Nf3 g6 3. e3 Bg7 4. Bd3 d6 5. b3 O-O 6. O-O Nbd7 7. Bb2 Re8 8.
Nbd2 e5 9. dxe5 dxe5 10. Ng5 h6 11. Nge4 Qe7 12. a4 Nc5 13. Ba3 b6 14. Nxc5
bxc5 15. Ne4 Bb7 16. Nxc5 Bxg2 17. Kxg2 Qd8 18. Bb5 Qxd1 19. Raxd1 Red8 20. e4
Bf8 21. b4 Rac8 22. Bb2 c6 23. Ba6 Rxd1 24. Rxd1 Re8 25. Bb7 Bxc5 26. bxc5 Re6
27. Bc8 Re8 28. Bd7 Rd8 29. Bxe5 Nxd7 30. Bd6 f6 31. Be7 Rb8 32. Rxd7 Rb4 33.
Rxa7 Rxe4 34. Bxf6 Rc4 35. c3 Rxc5 36. a5 Rf5 37. Bd4 c5 38. Be3 c4 39. Bxh6
Rb5 40. a6 Rb3 41. Bg7 Ra3 42. Kg3 Ra5 43. h4 g5 44. h5 Rf5 45. Rc7 Ra5 46. a7
Kh7 47. Kg4 Ra6 48. Kxg5 Ra5+ 49. Kg4 Ra6 50. f4 Ra2 51. Kf3 Ra6 52. f5 Rd6 53.
Bf8+ Kg8 54. Bxd6 1-0

[Event "VIII Open Autunno"]
[Site "Robecchetto con Induno ITA"]
[Date "2011.11.17"]
[Round "5"]
[White "Libutti, Michele"]
[Black "Rutigliano, Cesare"]
[Result "1/2-1/2"]
[WhiteElo "1751"]
[BlackElo "1717"]
[PlyCount "118"]
[EventDate "2011.10.20"]

1. d4 e6 2. c4 d5 3. Nc3 Bb4 4. Nf3 c5 5. e3 Nf6 6. a3 Bxc3+ 7. bxc3 Ne4 8. Qc2
cxd4 9. exd4 O-O 10. Bd3 f5 11. O-O Na6 12. Bf4 Nc7 13. Be5 dxc4 14. Bxc4 Nd5
15. Bxd5 Qxd5 16. c4 Qa5 17. Qb2 Rf7 18. Rfd1 b6 19. d5 Qc5 20. Rac1 Bd7 21.
Bd4 Qe7 22. Ne5 Rff8 23. Nxd7 Qxd7 24. dxe6 Qxe6 25. Bxg7 Rf7 26. Be5 Re8 27.
f4 h5 28. Qd4 Kh7 29. Qd5 Qg6 30. Rc2 Rg8 31. Qd3 Nf6 32. Bxf6 Rxf6 33. Qf3 Rg7
34. Rcd2 Rc6 35. Qd3 Rgc7 36. Rc1 Qe6 37. Rdc2 Rd7 38. Qe2 Qf7 39. Re1 Rc5 40.
Qe6 Qg7 41. Qe2 Qd4+ 42. Kh1 Qxf4 43. Qxh5+ Kg7 44. Rce2 Rf7 45. Re7 Rc7 46.
Rxf7+ Rxf7 47. Qe2 Qd6 48. Qe5+ Qxe5 49. Rxe5 Kf6 50. Rd5 Rc7 51. Rd4 Ke5 52.
Rh4 f4 53. g3 Rxc4 54. Rxf4 Rxf4 55. gxf4+ Kxf4 56. Kg2 b5 57. Kf2 a5 58. Ke2
b4 59. axb4 axb4 1/2-1/2

[Event "VIII Open Autunno"]
[Site "Robecchetto con Induno ITA"]
[Date "2011.11.17"]
[Round "5"]
[White "Loaldi, Davide"]
[Black "Trenti, Alessandro"]
[Result "0-1"]
[WhiteElo "1603"]
[BlackElo "1641"]
[PlyCount "133"]
[EventDate "2011.10.20"]

1. d4 d5 2. Nf3 Nf6 3. Nbd2 Bf5 4. e3 e6 5. c4 c5 6. cxd5 exd5 7. Bb5+ Nc6 8.
Qa4 Bd7 9. Ne5 Nxe5 10. dxe5 Bxb5 11. Qxb5+ Qd7 12. Qe2 Ne4 13. Nxe4 dxe4 14.
Bd2 Qd3 15. Qxd3 exd3 16. b3 b5 17. Rc1 Rc8 18. O-O c4 19. bxc4 bxc4 20. Rfd1
Ba3 21. Rc3 Bb4 22. Rxd3 cxd3 23. Bxb4 Rc7 24. a3 d2 25. Bxd2 Ke7 26. Bb4+ Ke6
27. f4 Rhc8 28. h3 Kf5 29. Rd4 Rc6 30. Rd7 R8c7 31. Rd4 h5 32. Bd6 Rb7 33. e4+
Kxf4 34. e6+ Ke3 35. exf7 Rxf7 36. Ra4 Rc8 37. e5 Re8 38. Rxa7 Rxa7 39. Bc5+
Ke4 40. Bxa7 Rxe5 41. Bb8 Rd5 42. Bc7 Rd7 43. Ba5 h4 44. Kf2 Rb7 45. Bb4 g5 46.
g3 Rf7+ 47. Kg2 Ke3 48. gxh4 gxh4 49. Bc5+ Ke2 50. Bd4 Rf5 51. a4 Rg5+ 52. Kh2
Ra5 53. Kg2 Rxa4 54. Bf6 Ke3 55. Bg5+ Ke2 56. Bf6 Rf4 57. Bxh4 Rxh4 58. Kg3 Rh8
59. Kg4 Ke3 60. h4 Ke4 61. Kg5 Ke5 62. h5 Rg8+ 63. Kh6 Kf6 64. Kh7 Rg2 65. h6
Kf7 66. Kh8 Rc2 67. Kh7 0-1

[Event "VIII Open Autunno"]
[Site "Robecchetto con Induno ITA"]
[Date "2011.11.17"]
[Round "5"]
[White "Melino, Gianluca"]
[Black "Santarelli, Sabatino"]
[Result "1-0"]
[WhiteElo "1742"]
[BlackElo "1616"]
[PlyCount "107"]
[EventDate "2011.10.20"]

1. d4 g6 2. Nf3 Bg7 3. e3 c5 4. Bd3 Nf6 5. Nbd2 cxd4 6. exd4 O-O 7. O-O Nc6 8.
c3 b6 9. Re1 Bb7 10. Nc4 Qc7 11. Bg5 Rfe8 12. Qd2 d6 13. h3 Nd8 14. Qe2 Ne6 15.
Bd2 Rac8 16. Na3 Nd5 17. g3 Qd7 18. Kh2 Ndc7 19. Nc2 Rcd8 20. Ne3 Bc8 21. Qf1
a6 22. Nc4 Bb7 23. Qe2 Nd5 24. Ne3 b5 25. Ng4 Nf6 26. Nh6+ Bxh6 27. Bxh6 Qc6
28. Kg2 Qd5 29. c4 Qxd4 30. Be3 Qe5 31. cxb5 Nd4 32. Bxd4 Qxd4 33. bxa6 Bd5 34.
Rad1 Bxf3+ 35. Qxf3 Qxb2 36. Re2 Qa3 37. Bb5 Qxf3+ 38. Kxf3 Nd7 39. Rxd6 exd6
40. Rxe8+ Rxe8 41. Bxd7 Rd8 42. Bb5 Ra8 43. Ke4 Kf8 44. Kd5 Ke7 45. Kc6 d5 46.
Kb7 Rxa6 47. Bxa6 Kd6 48. Kb6 d4 49. a4 Ke5 50. Bd3 f5 51. f4+ Kf6 52. a5 g5
53. a6 h5 54. h4 1-0

[Event "VIII Open Autunno"]
[Site "Robecchetto con Induno ITA"]
[Date "2011.11.17"]
[Round "5"]
[White "Ruggeri, Igor"]
[Black "Redamante, Marzio"]
[Result "1-0"]
[WhiteElo "1510"]
[BlackElo "1345"]
[PlyCount "67"]
[EventDate "2011.10.20"]

1. d4 d5 2. c4 e6 3. Nf3 Nf6 4. Nc3 Be7 5. e3 O-O 6. Bd3 dxc4 7. Bxc4 Nbd7 8.
e4 Nb6 9. Bd3 c6 10. O-O Qc7 11. Qc2 h6 12. Ne2 Rd8 13. Bf4 Qd7 14. Ng3 g5 15.
Be3 Ng4 16. e5 Nxe3 17. fxe3 Nd5 18. Bh7+ Kf8 19. Qe4 Ke8 20. Nd2 Qc7 21. Rxf7
Kd7 22. Nc4 Rh8 23. Nh5 Kd8 24. Raf1 Bd7 25. Rg7 Be8 26. Nf6 Rf8 27. Nxe8 Rxf1+
28. Kxf1 Kxe8 29. Rg8+ Bf8 30. Nd6+ Ke7 31. Qf3 Nxe3+ 32. Qxe3 Rd8 33. Qf2 Rxd6
34. Qxf8+ 1-0

[Event "VIII Open Autunno"]
[Site "Robecchetto con Induno ITA"]
[Date "2011.11.17"]
[Round "5"]
[White "Turchi, Alessandro"]
[Black "Novi', Giuseppe"]
[Result "0-1"]
[WhiteElo "1602"]
[BlackElo "1829"]
[PlyCount "60"]
[EventDate "2011.10.20"]

1. d4 e6 2. c4 c5 3. d5 d6 4. Nc3 g6 5. e4 e5 6. g3 Bg7 7. Bh3 Bxh3 8. Nxh3 Nf6
9. Qa4+ Nbd7 10. O-O O-O 11. Bd2 Qc8 12. Kg2 a6 13. Qc2 Rb8 14. a4 Nh5 15. a5
h6 16. f3 Ndf6 17. Rfb1 Nd7 18. Nf2 Qe8 19. Nd3 f5 20. b4 cxb4 21. Rxb4 fxe4
22. fxe4 Qf7 23. Qd1 Nc5 24. Be3 Nxd3 25. Qxd3 Qf3+ 26. Kg1 Nxg3 27. hxg3 Qxg3+
28. Kh1 Rf2 29. Bxf2 Qxd3 30. Rc1 Qd2 0-1

[Event "VIII Open Autunno"]
[Site "Robecchetto con Induno ITA"]
[Date "2011.11.17"]
[Round "5"]
[White "Turini, Gianluca"]
[Black "Macchiettini, Pierangelo"]
[Result "1-0"]
[WhiteElo "1837"]
[BlackElo "1756"]
[PlyCount "113"]
[EventDate "2011.10.20"]

1. d4 d5 2. c4 e6 3. Nc3 Nf6 4. Bg5 c6 5. e3 Be7 6. Nf3 Nbd7 7. Bd3 h6 8. Bh4
O-O 9. cxd5 exd5 10. O-O Bd6 11. Rb1 Nb6 12. Ne5 Be6 13. f4 Be7 14. Qe2 Nfd7
15. Bxe7 Qxe7 16. b3 Rac8 17. Qf2 Nf6 18. f5 Bd7 19. b4 Be8 20. g4 Nh7 21. h4
f6 22. Ng6 Bxg6 23. fxg6 Ng5 24. hxg5 fxg5 25. Qg3 Rce8 26. Rxf8+ Rxf8 27. b5
Qa3 28. Qe1 Qd6 29. Kg2 Qe7 30. bxc6 bxc6 31. Qe2 Qa3 32. Nd1 Qd6 33. Nf2 Qf6
34. Rf1 Qd6 35. Bf5 Re8 36. Bd3 Qe7 37. Nd1 Rf8 38. Rxf8+ Qxf8 39. Qf2 Qe7 40.
Qf5 a5 41. e4 a4 42. e5 a3 43. e6 Nc8 44. Qf7+ Kh8 45. Qxe7 Nxe7 46. Nc3 Kg8
47. Nb1 Kf8 48. Nxa3 Nc8 49. Nc2 Ke7 50. Bf5 Kd6 51. Kf3 Ne7 52. a4 c5 53.
dxc5+ Kxc5 54. a5 Kb5 55. Nd4+ Kxa5 56. Bd3 Kb6 57. Nf5 1-0

[Event "VIII Open Autunno"]
[Site "Robecchetto con Induno ITA"]
[Date "2011.11.24"]
[Round "6"]
[White "Di Grazia, Stefano"]
[Black "Marchesotti, Giovanni"]
[Result "0-1"]
[WhiteElo "1500"]
[BlackElo "1599"]
[PlyCount "62"]
[EventDate "2011.10.20"]

1. e4 d6 2. d4 g6 3. Nc3 Bg7 4. Be3 Nf6 5. h3 O-O 6. Qd2 Nc6 7. O-O-O a5 8. a3
b6 9. Be2 Bb7 10. Nf3 e5 11. d5 Ne7 12. g4 Ba6 13. g5 Nh5 14. Nb5 Qd7 15. a4 f5
16. gxf6 Bxf6 17. Ng5 Bxg5 18. Bxg5 Rxf2 19. Qe3 Rxe2 20. Qxe2 Ng3 21. Qg4 Qxg4
22. hxg4 Bxb5 23. Rhe1 Be2 24. Bxe7 Bxg4 25. Rd3 Ne2+ 26. Kd2 Re8 27. Bg5 Nd4
28. Ree3 Rf8 29. Rc3 Rf2+ 30. Kc1 Rf1+ 31. Kd2 Rd1# 0-1

[Event "VIII Open Autunno"]
[Site "Robecchetto con Induno ITA"]
[Date "2011.11.24"]
[Round "6"]
[White "Koureas, Panicos"]
[Black "Ruggeri, Igor"]
[Result "1/2-1/2"]
[WhiteElo "1314"]
[BlackElo "1510"]
[PlyCount "60"]
[EventDate "2011.10.20"]

1. d4 Nf6 2. Nf3 g6 3. e3 Bg7 4. Bd3 d5 5. b3 c5 6. Bb2 O-O 7. O-O cxd4 8. exd4
Nc6 9. Nbd2 Re8 10. a3 Nd7 11. Re1 e5 12. dxe5 Ndxe5 13. Nxe5 Nxe5 14. Bxe5
Rxe5 15. Rc1 Qe7 16. Nf3 Bg4 17. Rxe5 Bxe5 18. Qe2 Bxf3 19. Qxf3 Qd6 20. g3 Bb2
21. Rd1 Bxa3 22. Bc4 Rf8 23. Rxd5 Qe7 24. Rd1 b6 25. Bb5 a6 26. Bxa6 Rd8 27.
Bd3 Bc5 28. Ra1 Kg7 29. Kg2 Bd4 30. Ra4 Bc5 1/2-1/2

[Event "VIII Open Autunno"]
[Site "Robecchetto con Induno ITA"]
[Date "2011.11.24"]
[Round "6"]
[White "Macchiettini, Pierangelo"]
[Black "Rutigliano, Cesare"]
[Result "1/2-1/2"]
[WhiteElo "1756"]
[BlackElo "1717"]
[PlyCount "54"]
[EventDate "2011.10.20"]

1. d4 f5 2. c4 Nf6 3. Nc3 Nc6 4. Nf3 e6 5. a3 b6 6. e3 Bb7 7. Be2 a6 8. Qc2 Bd6
9. O-O Ne7 10. b4 Ng6 11. c5 Be7 12. Bd2 Ne4 13. Rac1 bxc5 14. dxc5 O-O 15.
Rcd1 Qe8 16. Nxe4 Bxe4 17. Qb3 Bd5 18. Qa4 Nh8 19. Ne5 c6 20. Nd3 g5 21. Bc3
Ng6 22. Bh5 Bf6 23. Bxf6 Rxf6 24. Qc2 Qf8 25. Bxg6 hxg6 26. Ne5 Ra7 27. f3 Qb8
1/2-1/2

[Event "VIII Open Autunno"]
[Site "Robecchetto con Induno ITA"]
[Date "2011.11.24"]
[Round "6"]
[White "Novi', Giuseppe"]
[Black "Alberio, Silvio"]
[Result "0-1"]
[WhiteElo "1829"]
[BlackElo "1763"]
[PlyCount "66"]
[EventDate "2011.10.20"]

1. e4 e6 2. d4 d5 3. Nd2 Nf6 4. e5 Nfd7 5. Bd3 c5 6. c3 Nc6 7. Ne2 Qb6 8. Nf3
cxd4 9. cxd4 Be7 10. O-O f6 11. exf6 Nxf6 12. b3 Bd7 13. Bf4 Nb4 14. Bb1 Bd6
15. Bxd6 Qxd6 16. a3 Nc6 17. Re1 O-O 18. Ng3 Qf4 19. Bd3 Rac8 20. Ne2 Qh6 21.
Rc1 Ng4 22. h3 Rxf3 23. gxf3 Nf6 24. Kh2 e5 25. Ng1 Nh5 26. dxe5 Nf4 27. Bf1
Be6 28. Qd2 Rf8 29. Ne2 Nxe5 30. Qe3 Ned3 31. Nxf4 Nxf4 32. Qe5 Bxh3 33. Kg3
Bxf1 0-1